书目信息 |
| 题名: |
财富英雄
|
|
| 作者: | 天舒 , 刘跃 主编 | |
| 分册: | ||
| 出版信息: | 北京 中国商业出版社 2020.04 |
|
| 页数: | 231页 | |
| 开本: | 21cm | |
| 丛书名: | ||
| 单 册: | ||
| 中图分类: | K815.38=6 , F279.1 | |
| 科图分类: | ||
| 主题词: | 企业家--生平事迹--世界--现代--丛书 , 企业管理--经验--世界--丛书 , 企业家 , 企业管理 | |
| 电子资源: | ||
| ISBN: | 7-5080-2165-7 | |
| 000 | 01078nam0 2200325 450 | |
| 001 | 0104000022 | |
| 005 | 20061013092112.56 | |
| 010 | @a7-5080-2165-7@dCNY24.00 | |
| 100 | @a20051012g20049999em y0chiy0110 ea | |
| 101 | 0 | @achi |
| 102 | @aCN@b110000 | |
| 105 | @ay z 000yd | |
| 200 | 1 | @a财富英雄@Acai fu ying xiong@f刘跃编著@Fliu yue bian zhu |
| 210 | @a北京@c中国商业出版社@d2020.04 | |
| 210 | @a北京@c华夏出版社 | |
| 215 | @a231页@d21cm | |
| 330 | @a本丛书试图通过对每一位财富英雄成功轨迹的探索,对他们在艰难创业中所迈过的每关键一步,作一些实事求是的分析。包括《当代中国百万富豪的财富历程》、《谁是未来中国的企业领袖》等册。 | |
| 461 | 0 | @12001 @a天舒文库 |
| 606 | 0 | @a企业家@x生平事迹@y世界@z现代@x丛书 |
| 606 | 0 | @a企业管理@x经验@y世界@x丛书 |
| 606 | 0 | @a企业家 |
| 606 | 0 | @a企业管理 |
| 690 | @aK815.38=6@v4 | |
| 690 | @aF279.1@v4 | |
| 701 | 0 | @a天舒@9tian shu@4主编 |
| 701 | 0 | @a刘跃@Aliu yue@4编著 |
| 801 | 0 | @aCN@b北京荣雅伟业图书经销中心@c20061013 |
| 830 | @a本丛书尚未出齐,以后还要补充数据 | |
| 905 | @aBZT@dF279.1@e40 | |
| 906 | @n0@r1 | |
| 财富英雄/刘跃编著.-北京:中国商业出版社,2020.04.-北京:华夏出版社 |
| 231页;21cm |
| ISBN 7-5080-2165-7:CNY24.00 |
| 本丛书试图通过对每一位财富英雄成功轨迹的探索,对他们在艰难创业中所迈过的每关键一步,作一些实事求是的分析。包括《当代中国百万富豪的财富历程》、《谁是未来中国的企业领袖》等册。 |
| ● |
| 相关链接 |
|
|
|
正题名:财富英雄
索取号:F279.1/40
 
预约/预借
| 序号 | 登录号 | 条形码 | 馆藏地/架位号 | 状态 | 备注 |
| 1 | 499586 | 230019179 | 中心书库北库/ 北库014架B面5列4层26/ [索取号:F279.1/40] | 在馆 | |
| 2 | 499587 | 230019180 | 中心书库北库/ 北库014架B面5列4层27/ [索取号:F279.1/40] | 在馆 | |
| 3 | 499588 | 230019181 | 中心书库北库/ 北库014架B面5列4层25/ [索取号:F279.1/40] | 在馆 | |
| 4 | 499589 | 230019182 | 中心书库北库/ 北库014架B面5列4层28/ [索取号:F279.1/40] | 在馆 | |
| 5 | 499590 | 230019183 | 中心书库北库/ 北库014架B面5列4层29/ [索取号:F279.1/40] | 在馆 |